| 000 | 01515nam a2200361Ia 4500 | ||
|---|---|---|---|
| 001 | ebr10591005 | ||
| 003 | CaPaEBR | ||
| 006 | m u | ||
| 007 | cr cn||||||||| | ||
| 008 | 980507s1999 aluab sb s001 0 eng d | ||
| 010 | _z 98019771 | ||
| 020 | _z0817309349 (alk. paper) | ||
| 020 | _z9780817309343 | ||
| 020 | _z9780817386344 | ||
| 040 |
_aCaPaEBR _cCaPaEBR |
||
| 035 | _a(OCoLC)44957133 | ||
| 050 | 1 | 4 |
_aF292.C4 _bW55 1999eb |
| 082 | 0 | 4 |
_a975.8 _221 |
| 100 | 1 |
_aWilloughby, Lynn, _d1951- |
|
| 245 | 1 | 0 |
_aFlowing through time _h[electronic resource] : _ba history of the lower Chattahoochee River / _cLynn Willoughby. |
| 260 |
_aTuscaloosa : _bUniversity of Alabama Press, _cc1999. |
||
| 300 |
_axii, 234 p. : _bill., maps. |
||
| 490 | 0 | _aChattahoochee Valley legacy series | |
| 500 | _a"Published in cooperation with the Historic Chattahoochee Commission and The Columbus Museum." | ||
| 504 | _aIncludes bibliographical references (p. 213-224) and index. | ||
| 533 |
_aElectronic reproduction. _bPalo Alto, Calif. : _cebrary, _d2011. _nAvailable via World Wide Web. _nAccess may be limited to ebrary affiliated libraries. |
||
| 650 | 0 |
_aRivers _zChattahoochee River Valley _xHistory. |
|
| 651 | 0 |
_aChattahoochee River _xHistory. |
|
| 651 | 0 |
_aChattahoochee River Valley _xHistory. |
|
| 655 | 7 |
_aElectronic books. _2local |
|
| 710 | 2 | _aebrary, Inc. | |
| 856 | 4 | 0 |
_uhttp://site.ebrary.com/lib/rucke/Doc?id=10591005 _zAn electronic book accessible through the World Wide Web; click to view |
| 999 |
_c210002 _d210002 |
||